000 00317nam a2200133 i 4500
001 bg
100 1 _aIliński, Mikołaj.
245 0 _aMateriały i procesy fotograficzne /
_cM.Iliński.
260 _aWarszawa,
_c1989.
040 _cBPK
041 _apol
942 _cKS
008 s pl f |000 0 pol
999 _c29084
_d29084
856 _uhttp://koha.tu.koszalin.pl/cgi-bin/koha/opac-detail.pl?biblionumber=29084
_yKatalog online BPK